KOHA-Header-6

Database Mangement Systems (Record no. 1713)

000 -LEADER
fixed length control field 00323nam a2200133Ia 4500
008 - FIXED-LENGTH DATA ELEMENTS--GENERAL INFORMATION
fixed length control field 190723s9999 xx 000 0 und d
020 ## - INTERNATIONAL STANDARD BOOK NUMBER
International Standard Book Number 978-93-392-1311-4
100 ## - MAIN ENTRY--PERSONAL NAME
Personal name Raghu Ramakrishan
245 #0 - TITLE STATEMENT
Title Database Mangement Systems
250 ## - EDITION STATEMENT
Edition statement 3rd
260 ## - PUBLICATION, DISTRIBUTION, ETC. (IMPRINT)
Place of publication, distribution, etc Chennai
Name of publisher, distributor, etc McGraw Hill
Date of publication, distribution, etc 2014
300 ## - PHYSICAL DESCRIPTION
Extent 1065.:p
942 ## - ADDED ENTRY ELEMENTS (KOHA)
Koha item type Books
Holdings
Withdrawn status Lost status Damaged status Not for loan Collection code Permanent Location Current Location Shelving location Date acquired Full call number Barcode Date last seen Price effective from Koha item type
        Computer Science MAJU MAJU Shelf No.A33 2019-07-23 5.74 8336 2019-07-23 2019-07-23 Computer Science

Powered by Koha